Horace Brenton Kelly v Margot Cooper and another (Record no. 39371)

MARC details
000 -LEADER
fixed length control field 01514cab a2200253 4500
001 - CONTROL NUMBER
control field ABS47749
008 - FIXED-LENGTH DATA ELEMENTS--GENERAL INFORMATION
fixed length control field 090401t1992 xxu||||| |||| 00| 0 eng d
035 ## - SYSTEM CONTROL NUMBER
System control number (Sirsi) u63318
041 ## - LANGUAGE CODE
Language code of text/sound track or separate title eng
245 ## - TITLE STATEMENT
Title Horace Brenton Kelly v Margot Cooper and another
260 ## - PUBLICATION, DISTRIBUTION, ETC.
Date of publication, distribution, etc. 1992
350 ## - PRICE (NR) (BK AM CF MU VM SE) [OBSOLETE]
Price 0
490 ## - SERIES STATEMENT
Series statement Weekly Law Reports
Volume/sequential designation (1992) 3 WLR 936-944(9)
520 ## - SUMMARY, ETC.
Summary, etc. CA 19 October 1992. The defendants (C) were instructed by the plaintiff (K) to sell his house, commission to be a percentage of the selling price. C were also instructed to sell the property next door. An offer by a prospective buyer for the adjacent property was accepted. He then offered to buy K`s house. C did not inform K of the agreement to buy the other house and K accepted the offer. Sales of both houses were completed. K instituted proceedings against C to claim damages for breach of duty and conflicts of interest. C counterclaimed for their commission. K were awarded damages and declared C were not entitled to commission. The Court of Appeal of Bermuda allowed C`s appeal. It was "held" that it was the business of estate agents to act for numerous principals, several of whom might be competing and whose interests would conflict.
650 ## - SUBJECT ADDED ENTRY--TOPICAL TERM
Topical term or geographic name entry element BERMUDA
650 ## - SUBJECT ADDED ENTRY--TOPICAL TERM
Topical term or geographic name entry element COMMISSION
650 ## - SUBJECT ADDED ENTRY--TOPICAL TERM
Topical term or geographic name entry element CONFLICTS OF INTEREST
650 ## - SUBJECT ADDED ENTRY--TOPICAL TERM
Topical term or geographic name entry element DUTY TO DISCLOSE INTEREST
650 ## - SUBJECT ADDED ENTRY--TOPICAL TERM
Topical term or geographic name entry element ESTATE AGENTS
650 ## - SUBJECT ADDED ENTRY--TOPICAL TERM
Topical term or geographic name entry element FIDUCIARY DUTY
690 ## - LOCAL SUBJECT ADDED ENTRY--TOPICAL TERM (OCLC, RLIN)
Topical term or geographic name as entry element MANAGEMENT-BUSINESS MANAGEMENT-PROFESSIONAL PRACTICE
942 ## - ADDED ENTRY ELEMENTS (KOHA)
Suppress in OPAC 0
948 ## - LOCAL PROCESSING INFORMATION (OCLC); SERIES PART DESIGNATOR (RLIN)
c (OCLC) 04/03/1997
Holdings
Withdrawn status Lost status Source of classification or shelving scheme Damaged status Not for loan Home library Current library Shelving location Date acquired Total Checkouts Full call number Barcode Date last seen Copy number Price effective from Koha item type
    Dewey Decimal Classification     London London Journal article 14/09/1999   ABS47749 63318-1001 06/08/2019 1 06/08/2019 Law report